Normal view
MARC view
Entry Personal Name
001 - CONTROL NUMBER
- control field: 3104
003 - CONTROL NUMBER IDENTIFIER
- control field: OSt
005 - DATE AND TIME OF LATEST TRANSACTION
- control field: 20220615113034.0
008 - FIXED-LENGTH DATA ELEMENTS
- fixed length control field: 220615|| aca||aabn | a|a d
040 ## - CATALOGING SOURCE
- Original cataloging agency: OSt
- Transcribing agency: OSt
100 ## - HEADING--PERSONAL NAME
- Personal name: Čihovská, Viera,
- Dates associated with a name: 1948-
670 ## - SOURCE DATA FOUND
- Source citation: Work cat.: (OSt)0: Čimo, Jozef, 1942- 3103, Marketingové aplikácie, 2008